Geometry Dash Official Levels - Sudden Death - Statistics

General Stats
  • This quiz has been taken 1,161 times
  • The average score is 16 of 22
Answers on the Grid
Answers color-coded by a green-red scale on the quiz's grid according to % correct below.
Clutterfunk
Stereo Madness
Bloodbath
The Nightmare
Theory Of Everything
Nine Circles
Silent Clubstep
Tidal Wave
Retro Generation
Frozen Wonders
Dry Out
Clubstep
Acheron
Power Trip
ReTraY
xStep
Dreamland
Polargeist
Level Easy
Time Machine
Fingerdash
Hexagon Force
Aftermath
Cycles
Cataclysm
Amplification
yStep
Geometrical Dominator
Promises
Can't Let Go
Jumper
Electrodynamix
Blast Processing
Theory Of Everything 2
Dash
The Black Monster
Deadlocked
Electroman Adventures
Back On Track
The Spinner
Unhappiness
Base After Base
End Of Line
The Seven Seas
Viking Area
Running
Silent Circles
 
Answer Stats
Answer % Correct
Stereo Madness
97%
Clutterfunk
94%
Theory Of Everything
88%
Dry Out
83%
Clubstep
82%
xStep
74%
Cycles
69%
Time Machine
69%
Polargeist
68%
Back On Track
66%
Fingerdash
66%
Jumper
66%
Electrodynamix
65%
Can't Let Go
64%
Geometrical Dominator
64%
Hexagon Force
64%
Theory Of Everything 2
64%
Base After Base
63%
Blast Processing
63%
Deadlocked
62%
Electroman Adventures
62%
Dash
61%
No matching quizzes found
Score Distribution
Percent of People with Each Score
Percentile by Number Answered
Your Score History
You have not taken this quiz